| 000 | 01712nam0a2200397 4500 | ||
|---|---|---|---|
| 001 | RU\NLR\BIBL_A\022349547 | ||
| 005 | 20241021164843.0 | ||
| 010 |
_a978-5-89647-433-3 _9500 |
||
| 021 |
_aRU _bКН-П-24-051219 _9КН-П-24-5094 |
||
| 035 | _a(NLR Aleph) 022349547 | ||
| 090 |
_a13259668 _c13259668 |
||
| 100 | _a20241010d2024 u y0rusy50 ca | ||
| 101 | 1 |
_arus _cger |
|
| 102 | _aRU | ||
| 105 | _ab z 001zb | ||
| 181 | 0 |
_ai _baxxe |
|
| 182 | 0 | _an | |
| 200 | 1 |
_aСавл из Тарса. Биография апостола Павла _fЭдуард Лозе _gперевод с немецкого Анны Петровой _gпод редакцией Юрия Аржанова |
|
| 203 |
_aТекст _bвизуальный _cнепосредственный |
||
| 210 |
_aМосква _cББИ _d2024 |
||
| 215 |
_a354 с. _cкарты _d21 |
||
| 225 | 1 | _aСерия "Современная библеистика" | |
| 300 | _aЗагл. и авт. ориг.: Paulus. Eine Biographie/ Eduard Lohse | ||
| 320 | _aБиблиогр.: с. 326-343 | ||
| 320 | _aБиблейс. указ.: с. 344-351 | ||
| 320 | _aПредм. указ.: с. 352-354 | ||
| 454 | 0 |
_12001#$aPaulus. Eine Biographie$fEduard Lohse _1700#1$aLohse$bE.$f1924-$gEduard _tPaulus. Eine Biographie _aLohse, Eduard (1924-) |
|
| 600 | 0 |
_aПавел _cапостол _fок. 5 - ок. 67 _91215604 _3RU\NLR\AUTH\66175671 |
|
| 686 | 2 | _aЭ37-228.3 | |
| 700 | 1 |
_aЛозе _bЭ. _f1924- _gЭдуард |
|
| 702 | 0 |
_4570 _7ca _8rus _aПавел _cапостол _fок.5-ок.67 _953674 _3RU\NLR\AUTH\7770746 |
|
| 942 | _cBOOK | ||
| 980 | _aNB | ||